[Event "Vienna Clock sim"]
[Site "Vienna"]
[Date "2012.04.27"]
[Round "1"]
[White "Handler, Lukas"]
[Black "Topalov, Veselin"]
[Result "1/2-1/2"]
[WhiteElo "2321"]
[BlackElo "2752"]
[PlyCount "86"]
[EventDate "2012.04.27"]
[EventType "simul"]
[EventRounds "1"]
[EventCountry "AUT"]
[SourceTitle "CBM 148 Extra"]
[Source "ChessBase"]
[SourceDate "2012.06.22"]
[SourceVersion "1"]
[SourceVersionDate "2012.06.22"]
[SourceQuality "1"]

1. d4 Nf6 2. c4 g6 3. Nc3 d5 4. Nf3 Bg7 5. Bg5 Ne4 6. cxd5 Nxg5 7. Nxg5 e6 8.
Nf3 exd5 9. e3 O-O 10. Bd3 c6 11. O-O Qd6 12. Rb1 a5 13. h3 Be6 14. Qc2 Nd7 15.
Rfc1 Rfe8 16. Na4 f5 17. Nc5 Nxc5 18. Qxc5 Qc7 19. a3 Kh8 20. g3 Bf6 21. h4 a4
22. Kg2 Kg7 23. Qc3 Bd7 24. Qc2 Re7 25. Rh1 h5 26. Rhc1 Be8 27. Qd2 Qd8 28. Ng1
Qd6 29. Ne2 Kg8 30. Qc2 Bg7 31. Nc3 b5 32. Ne2 Qf6 33. Ng1 Re6 34. Nf3 Qd8 35.
Qc3 Qe7 36. Ra1 Bf6 37. Rab1 Kg7 38. Ra1 Qd6 39. Be2 Re7 40. Bd1 Rc7 41. Qc2
Rb7 42. Ne1 Re7 43. Bf3 Rea7 1/2-1/2

[Event "Vienna Clock sim"]
[Site "Vienna"]
[Date "2012.04.27"]
[Round "1"]
[White "Huber, Martin Christian"]
[Black "Topalov, Veselin"]
[Result "1-0"]
[WhiteElo "2150"]
[BlackElo "2752"]
[PlyCount "83"]
[EventDate "2012.04.27"]
[EventType "simul"]
[EventRounds "1"]
[EventCountry "AUT"]
[SourceTitle "CBM 148 Extra"]
[Source "ChessBase"]
[SourceDate "2012.06.22"]
[SourceVersion "1"]
[SourceVersionDate "2012.06.22"]
[SourceQuality "1"]

1. d4 Nf6 2. c4 g6 3. Nc3 Bg7 4. e4 d6 5. Nf3 O-O 6. Be2 e5 7. O-O Nc6 8. d5
Ne7 9. Ne1 Nd7 10. Nd3 f5 11. f3 Kh8 12. Be3 Ng8 13. Qd2 Ndf6 14. c5 f4 15. Bf2
g5 16. Nb5 a6 17. Qa5 dxc5 18. Nxc7 Ne8 19. d6 Rb8 20. Bxc5 b6 21. Bxb6 Nxd6
22. Nb4 g4 23. fxg4 Qg5 24. Nc6 Bxg4 25. Bd3 Rbc8 26. Qd5 Nf7 27. Bxa6 Nf6 28.
Qd3 Rb8 29. Nxb8 Rxb8 30. Bf2 Rxb2 31. Rfb1 Rxb1+ 32. Rxb1 h5 33. Bc4 Qg6 34.
Ne6 f3 35. Nxg7 Kxg7 36. Rb7 Be6 37. g3 Bxc4 38. Qxc4 h4 39. Qb3 Nxe4 40. Qxf3
Neg5 41. Qg4 e4 42. Bd4+ 1-0

[Event "Vienna Clock sim"]
[Site "Vienna"]
[Date "2012.04.27"]
[Round "1"]
[White "Topalov, Veselin"]
[Black "Druska, Juraj"]
[Result "1/2-1/2"]
[WhiteElo "2752"]
[BlackElo "2311"]
[PlyCount "82"]
[EventDate "2012.04.27"]
[EventType "simul"]
[EventRounds "1"]
[EventCountry "AUT"]
[SourceTitle "CBM 148 Extra"]
[Source "ChessBase"]
[SourceDate "2012.06.22"]
[SourceVersion "1"]
[SourceVersionDate "2012.06.22"]
[SourceQuality "1"]

1. Nf3 Nf6 2. c4 b6 3. g3 e6 4. Bg2 Ba6 5. Ne5 c6 6. d4 Qc7 7. Qc2 d6 8. Nd3
Be7 9. b3 Nbd7 10. Nc3 O-O 11. O-O Bb7 12. e4 e5 13. Ne2 Rfe8 14. Bb2 Bf8 15.
Rfe1 a6 16. f3 Rac8 17. Bh3 Rcd8 18. Rad1 Bc8 19. Bg2 a5 20. f4 Ng4 21. Qc1 f6
22. h3 Nh6 23. Bf3 g6 24. Kg2 Bg7 25. c5 dxc5 26. dxc5 b5 27. a3 Nf8 28. b4 Nf7
29. Bc3 a4 30. Qb2 Be6 31. Nf2 Bb3 32. Rxd8 Rxd8 33. h4 Be6 34. Qb1 Bh6 35. f5
Bc4 36. Ng4 Kg7 37. Rd1 Rxd1 38. Qxd1 Qd7 39. Qxd7 Nxd7 40. Nxh6 Nxh6 41. g4
gxf5 1/2-1/2

[Event "Vienna Clock sim"]
[Site "Vienna"]
[Date "2012.04.27"]
[Round "1"]
[White "Topalov, Veselin"]
[Black "Kriebel, Tadeas"]
[Result "1-0"]
[WhiteElo "2752"]
[BlackElo "2333"]
[PlyCount "59"]
[EventDate "2012.04.27"]
[EventType "simul"]
[EventRounds "1"]
[EventCountry "AUT"]
[SourceTitle "CBM 148 Extra"]
[Source "ChessBase"]
[SourceDate "2012.06.22"]
[SourceVersion "1"]
[SourceVersionDate "2012.06.22"]
[SourceQuality "1"]

1. e4 e5 2. Nf3 Nc6 3. Bb5 Bc5 4. c3 f5 5. d4 fxe4 6. Nxe5 Nxe5 7. dxe5 Qe7 8.
b4 Bxb4 9. Bf4 Qc5 10. a4 Bxc3+ 11. Nxc3 Qxc3+ 12. Kf1 Ne7 13. Rc1 Qa5 14. Bc4
Ng6 15. Bg3 Rf8 16. Qd4 c6 17. h4 b6 18. Rd1 Ne7 19. Kg1 Nf5 20. Qxe4 Nxg3 21.
fxg3 Bb7 22. e6 d5 23. Qg4 Qc5+ 24. Kh2 Qe7 25. Rhf1 O-O-O 26. Rf7 Rxf7 27.
exf7+ Kb8 28. Qf4+ Kc8 29. Be2 Ba8 30. Re1 1-0

[Event "Vienna Clock sim"]
[Site "Vienna"]
[Date "2012.04.27"]
[Round "1"]
[White "Wertjanz, David"]
[Black "Topalov, Veselin"]
[Result "0-1"]
[WhiteElo "2246"]
[BlackElo "2752"]
[PlyCount "76"]
[EventDate "2012.04.27"]
[EventType "simul"]
[EventRounds "1"]
[EventCountry "AUT"]
[SourceTitle "CBM 148 Extra"]
[Source "ChessBase"]
[SourceDate "2012.06.22"]
[SourceVersion "1"]
[SourceVersionDate "2012.06.22"]
[SourceQuality "1"]

1. e4 e5 2. Nf3 Nc6 3. Bb5 a6 4. Ba4 Nf6 5. O-O Be7 6. Re1 b5 7. Bb3 O-O 8. d4
d6 9. c3 Bg4 10. Be3 Bh5 11. h3 exd4 12. cxd4 Na5 13. Bc2 Nc4 14. Bc1 d5 15. e5
Ne4 16. b3 Nb6 17. Bxe4 dxe4 18. Rxe4 c5 19. Bb2 c4 20. Nbd2 Rc8 21. bxc4 bxc4
22. Rc1 Qd5 23. e6 f6 24. Re1 Rfe8 25. Nb1 Bb4 26. Bc3 Bd6 27. Nbd2 Rxe6 28.
Rxe6 Qxe6 29. Ba5 Ba3 30. Rc3 Bb2 31. Re3 Qc6 32. Bxb6 Qxb6 33. Qc2 Bxd4 34.
Nxd4 Qxd4 35. Qf5 Qc5 36. Qe6+ Bf7 37. Qxa6 c3 38. Ne4 c2 0-1

[Event "Leon Masters 25th"]
[Site "Leon"]
[Date "2012.06.08"]
[Round "1"]
[White "Vallejo Pons, Francisco"]
[Black "Topalov, Veselin"]
[Result "1/2-1/2"]
[WhiteElo "2697"]
[BlackElo "2752"]
[Annotator "Estremera,S/Mellado,J"]
[PlyCount "86"]
[EventDate "2012.06.08"]
[EventType "match (rapid)"]
[EventRounds "6"]
[EventCountry "ESP"]
[SourceTitle "CBM 148 Extra"]
[Source "ChessBase"]
[SourceDate "2012.06.22"]
[SourceVersion "1"]
[SourceVersionDate "2012.06.22"]
[SourceQuality "1"]

{El Magistral de León cumple 25 años y, como no podía ser de otra manera,
la organización ha preparado un autentico espectáculo para la ocasión. El
Magistral de León se ha caracterizado desde sus primeras ediciones por contar
siempre con la participación de los mejores jugadores españoles a los que
durante 25 años ha brindado la oportunidad de medirse a los mejores
ajedrecistas del mundo. El duelo a seis partidas - 45 mn. por jugador + 15 seg.
de incremento después de cada jugada- entre el excampeón del mundo Veselin
Topalov y el número uno español Paco Vallejo, mantiene esa tradición en una
de las mejores versiones posibles: Topalov y Vallejo practican siempre un
ajedrez arriesgado, original y a menudo brillante; su presencia asegura un
emocionante encuentro más allá del resultado deportivo. Veselin Topalov y
Paco Vallejo se conocen muy bien, son amigos y han trabajado juntos en
diversas ocasiones, ello no impide sin embargo que en las 27 partidas jugadas
entre ambos hasta la fecha haya reinado el espíritu de lucha y abundado las
ideas brillantes, arriesgadas y sorpresivas. El resultado no puede ser más
igualado: seis victorias para cada uno y quince empates. Se cruzaron en las
semifinales del Magistral de León en 2006; en aquella ocasión venció el
gran maestro búlgaro por 2,5 a 1,5. Esta edición promete ser auténtico
regalo de cumpleaños para la afición leonesa.} 1. e4 c5 2. Nc3 Nc6 {Topalov
se aparta de 2...d6 que mantendría abierta la posibilidad de jugar su
variante favorita: la Najdorf} 3. Nf3 g6 {uno de los "inconvenientes" del
orden elegido por las blancas es que no podrán jugar el sistema Maroczy
contra el Dragón Acelerado} 4. d4 cxd4 5. Nxd4 Bg7 6. Be3 Nf6 7. Bc4 O-O 8.
Bb3 ({Las blancas no pueden jugar directamente} 8. f3 $2 {por la conocida
trampa} Qb6 $1) 8... d6 9. f3 Bd7 10. Qd2 Nxd4 11. Bxd4 b5 12. a4 (12. O-O-O a5
{Es el inicio de otra importante rama de la procelosa teoría del dragón})
12... bxa4 13. Bxa4 ({Vallejo jugó} 13. Nxa4 {contra Anand en el Magistral de
León del año 2008}) 13... a5 14. O-O Rb8 {Puede apreciarse que el orden
elegido por Topalov es el más preciso para oponerse al intento blanco de
transponer al ataque yugoslavo contra el dragón. La necesidad de jugar 8.Bb3
permite a las negras disuadir al blanco del enroque largo y el consiguiente
ataque en flancos opuestos. La posición alcanzada en este inicio de medio
juego tiende a la igualdad.} 15. Bxd7 {Tras casi 5 minutos de reflexión} Qxd7
16. b3 ({Las blancas pueden intentar} 16. Rxa5 Rxb2 17. Nd5 Rb7 18. Nxf6+ Bxf6
19. Bxf6 exf6 20. Rd5 {pero las negras nivelan la posición presionando el
peón "c" con sus piezas pesadas}) 16... Qc7 17. Rf2 {Sobreprotege "c2" a la
vez que impide un posible jaque intermedio en la diagonal g1-a7 lo que amaga
Bf6 seguido de Nd5} e6 {Controlando definitivamente el salto a d5} 18. Qd3 d5
$1 {Con este oportuno golpe central Topalov liquida toda ilusión de ventaja
blanca} 19. exd5 Rfd8 $1 20. Qe3 ({Contra} 20. Nb5 {existía la bonita
continuación} Rxb5 $1 21. Qxb5 Ng4 $1 {y las blancas no pueden impedir la
entrada en "h2" de la Dama negra.}) 20... Nxd5 21. Nxd5 Bxd4 $1 22. Qxd4 Rxd5 {
Topalov ha tratado magistralmente la posición y disfruta de una ligera
ventaja gracias a la mejor coordinación de sus piezas} 23. Qe3 Re5 24. Qc1 {
Una retirada poco natural} ({pero} 24. Qd2 Rd8 {no hace sino facilitar las
cosas a las negras}) 24... Rd8 25. g3 {Otra jugada bastante fea que debilita
la posición del Rey} Qc3 $1 26. Rb1 {El reloj de Paco refleja también lo
apurado de su situación: dispone de 7 minutos por 17 de su rival} h5 27. Qb2
Re1+ $1 28. Kg2 Qe3 29. Rxe1 Qxe1 30. c4 Rd3 ({No se conseguía nada con} 30...
Rd1 31. Qe2 Qg1+ 32. Kh3 {y el ataque se agota}) 31. c5 {buscando distraer a
las fuerzas negras. El reloj es ahora el principal enemigo de Vallejo que
dispone de tan solo minuto y medio para el resto de la partida mientras
Topalov tiene casi un cuarto de hora.} Qc3 32. Qb1 ({las blancas no llegan al
final de torres de 4 contra 3 tras} 32. Qxc3 Rxc3 33. b4 axb4 34. Rb2 b3 35.
Kf1 Kf8 {y ganan}) 32... Rd5 33. Rc2 Rd2+ 34. Rxd2 Qxd2+ 35. Kh3 Qc3 36. Qg1
Qxf3 ({Tal vez hubiera resultado más desagradable algo parecido a} 36... e5
37. Kg2 Kg7 {manteniendo todas sus bazas}) 37. Qc1 $1 {Las blancas fian su
suerte al contrajuego que sea capaz de crear el peón pasado que, como es
sabido, es especialmente fuerte en los finales de Dama.} Qc6 38. Qc3 Kh7 (38...
Qc7) 39. Qf6 (39. Qxa5 g5 40. Qc3 Kg6 {sería bastante peligroso para la salud
del rey blanco}) 39... Kg8 40. Qd8+ Kh7 41. Qf6 Qxc5 42. Qxf7+ Kh6 43. Qxe6 Qc3
{Y tablas, un buen resultado para Vallejo que ha defendido una posición muy
delicada.} 1/2-1/2

[Event "Leon Masters 25th"]
[Site "Leon"]
[Date "2012.06.08"]
[Round "2"]
[White "Topalov, Veselin"]
[Black "Vallejo Pons, Francisco"]
[Result "0-1"]
[WhiteElo "2752"]
[BlackElo "2697"]
[Annotator "Estremera,S/Mellado,J"]
[PlyCount "84"]
[EventDate "2012.06.08"]
[EventType "match (rapid)"]
[EventRounds "6"]
[EventCountry "ESP"]
[SourceTitle "CBM 148 Extra"]
[Source "ChessBase"]
[SourceDate "2012.06.22"]
[SourceVersion "1"]
[SourceVersionDate "2012.06.22"]
[SourceQuality "1"]

1. e4 e6 2. d4 d5 3. Nc3 Nf6 4. Bg5 Bb4 {La variante Mac Cutcheon, una
elección ambiciosa de Paco} 5. e5 h6 6. Bc1 $5 {Mucho mas empleada es 6.Ad2}
Ne4 7. Qg4 g6 8. Nge2 Nxc3 ({Vallejo ya habia jugado esta posición con
blancas contra Radjabov en el torneo de Linares del año 2003, entonces el GM
de Azerbayán prefirió} 8... c5) 9. bxc3 ({Resulta más natural} 9. Nxc3 $5 c5
{y ahora} 10. a3 $5 Qa5 11. axb4 $1 Qxa1 12. Bb5+ Bd7 13. O-O {con mucha
compensación, por ejemplo} cxd4 {se encuentra con el golpe} 14. Nxd5) 9... Ba5
10. Ba3 Nd7 11. h4 Nb6 $1 {Amenazando Cc4. Ha valido la pena emplear 8 minutos
en gestar esta continuación que acierta en el corazón de la posición blanca}
({No es buena} 11... h5 $6 {por} 12. Qf4 {con idea de pasar la torre mediante
Th3: según el GM Jesús de La Villa el ataque se llevaria solo.}) (11... c5 $5
{Sin embargo, resultaba interesante} 12. h5 Qg5 $1 {acabando con la iniciativa
blanca y quedándose con mejor estructura.}) 12. Bb4 ({No hay tiempo para} 12.
Rh3 Nc4 13. Bb4 {por} Bb6 $1 {con idea de a5 y el alfil blanco sufre}) 12...
Bxb4 13. cxb4 Qe7 14. a3 a5 15. b5 Nc4 {Vallejo ha conseguido salir con
ventaja de la apertura} 16. Qf3 Bd7 17. a4 ({No era suficiente tampoco} 17. Nc3
{por} Nxa3 18. Bd3 Qb4 $17) 17... Qb4+ 18. Nc3 (18. Qc3 c6 19. bxc6 Bxc6 {
y el blanco no puede sostener su flanco de dama}) 18... Na3 $1 ({Es seguir una
pista falsa ganar material con} 18... Qb2 {por} 19. Rb1 Qxc2 20. Bxc4 dxc4 21.
O-O {con iniciativa blanca}) ({Tampoco} 18... Nxe5 {la "tactiquera" propuesta
de Jaime Santos} 19. dxe5 d4 20. Rh3 {el Sr Houdini pone en vereda a nuestro
joven talento}) 19. Qd3 Rc8 (19... c5 {también con ventaja. La clave es
aprovechar rápidamente la columna c}) 20. Be2 c5 21. O-O cxd4 22. Nxd5 exd5
23. Rxa3 ({El dilema es si cambiar o no las damas, pero} 23. Qxa3 Qxa3 24. Rxa3
Rxc2 {es muy desagradable de defender}) 23... Bf5 24. Qg3 Rxc2 {Después de
las últimas escaramuzas las negras han consolidado una clara ventaja} 25. Rb3
Qxa4 26. Bd1 {Curiosamente las blancas no han pensado mucho para llegar a esta
ruinosa posición.} ({Después de} 26. e6 Bxe6 27. Qb8+ Ke7 28. Qxb7+ Kf6 {
el rey negro está seguro y el blanco tiene varias piezas tocadas}) 26... Rc1
27. e6 O-O $1 {más importante que comerse otro peón es mejorar dos piezas}
28. exf7+ ({no solucionaba nada} 28. Rb1 Qc4 29. Rxc1 Qxc1) 28... Rxf7 29. h5 (
{Muy interesante es} 29. Rf3 Rxd1 30. Rxf5 Rxf1+ 31. Kh2 {y los humanos no
conseguimos ver como ganan las negras, pero el módulo, sin piedad, nos hace
ver la luz. Pero} Re1 {acaba con todas las alegres esperanzas de salvación de
las blancas}) 29... g5 ({mejor es} 29... Qc4 $1 30. hxg6 Re7 {y difícilmente
podrían defenderse las blancas}) 30. Rb1 Qc4 31. Rxc1 Qxc1 32. Bb3 Qc5 33. Qe5
Be4 34. f3 d3+ 35. Kh2 d2 36. Rd1 Bxf3 $4 ({Muy apurado de tiempo Paco no ve
la continuación ganadora} 36... Rxf3 $1 37. Rxd2 ({si} 37. Qe8+ Kg7 38. Qe5+
Rf6 39. Rxd2 Qd6 {ganando}) ({y si} 37. Qxe4 Qd6+ 38. Kg1 Rxb3) 37... Rxb3 {
con ventaja decisiva}) 37. Rxd2 Be4 38. Bxd5 ({Más precisa es} 38. Rxd5 Bxd5
39. Bxd5 Qf2 {con igualdad}) 38... Bxd5 39. Rxd5 Qe7 40. Qb8+ $2 {Topalov
pierde el hilo} ({Con} 40. Qxe7 Rxe7 41. b6 a4 42. Ra5 Re6 43. Rxa4 Rxb6 44.
Rd4 {mantenía buenas chances de salvar el medio punto}) 40... Rf8 41. Qg3 Rf4
42. Qd3 $4 {Despeñandose definitivamente} ({Con} 42. Qc3 {que controla la
casilla "e1" sostenía a Topalov en la partida}) 42... Rh4+ {y el excampeón
mundial abandona ante el mate o la perdida de la dama} 0-1

[Event "Leon Masters 25th"]
[Site "Leon"]
[Date "2012.06.09"]
[Round "4"]
[White "Topalov, Veselin"]
[Black "Vallejo Pons, Francisco"]
[Result "1-0"]
[WhiteElo "2752"]
[BlackElo "2697"]
[Annotator "CB"]
[PlyCount "65"]
[EventDate "2012.06.08"]
[EventType "match (rapid)"]
[EventRounds "6"]
[EventCountry "ESP"]
[SourceTitle "CBM 148 Extra"]
[Source "ChessBase"]
[SourceDate "2012.06.22"]
[SourceVersion "1"]
[SourceVersionDate "2012.06.22"]
[SourceQuality "1"]

{Tras el tremendo traspiés de la derrota anterior y con marcador tan adverso,
cabe esperar de Topalov en esta cuarta partida una batalla sin cuartel para
seguir con alguna opción en el mach.} 1. e4 e6 2. d4 d5 3. Nc3 Nf6 4. Bg5 Be7 (
{Variando Paco respecto a la segunda partida en la que se decantó por la más
aguda} 4... Bb4) 5. e5 Nfd7 6. Bxe7 Qxe7 7. f4 a6 8. Qg4 {Jugada muy poco
empleada,pero que ha brindado en la práctica buenos resultados. Imaginamos que
ello ha sido advertido por Topalov en su preparación.} f5 {lo más natural} 9.
exf6 Nxf6 10. Qh4 b6 ({Llegó la novedad. Se habia probado:} 10... c5 11. Nf3
Nc6 12. dxc5 Qxc5 13. O-O-O O-O 14. Bd3 Bd7 15. Rhe1 {con ligera ventaja
blanca,que no fue suficiente para ganar en: Motylev,A -Miljanic,B/Niksic 2000})
11. Nf3 c5 12. Bd3 Nc6 (12... O-O $2 13. Bxh7+) 13. O-O-O ({La aparente} 13.
Bg6+ Kd8 14. O-O-O Rf8 15. Bd3 {es sin duda interesante y mereceria
considerarse. El devenir de la partida es consecuente con la necesidad del
jugador búlgaro de ganar para seguir vivo en el mach.}) 13... cxd4 ({La natural
} 13... O-O {se encontraria con} 14. Ne5 Qd6 15. g4 {que parece muy fácil y
directo para el blanco}) 14. Bg6+ {lo más incisivo, aunque} (14. Ne2 {también
es bastante fuerte}) 14... Kd8 {creemos que el rey negro sufriria mayores
contratiempos en el flanco de rey} (14... Kf8 15. Ne2) 15. Nxd4 Nxd4 16. Rxd4
Bd7 ({Si} 16... Ng8 17. f5 $1 {las negras no lograrian la salvación}) 17. Bd3 {
La cuestión es si el centro negro podrá aguantar mucho tiempo los envites de
las poderosas piezas blancas. La incomodidad de la posición negra es evidente.}
Re8 18. Re1 {La pieza que faltaba por activar} Qc5 19. Ne2 ({Seria precipitada
} 19. f5 $2 exf5 $1 (19... e5 20. Rxd5) 20. Rxe8+ Kxe8 {con ventaja negra})
19... Bb5 {es comprensible la busqueda de este cambio de alfiles para relajar
la prima de riesgo} 20. Kb1 e5 $2 {Pero esta expansión central no nos parece
adecuada, teniendo en cuenta la fragilidad del rey negro justo en este sector}
({La huida inmediata con} 20... Kc7 {era lo mejor}) 21. fxe5 Rxe5 22. c4 $1 {
Sencilla jugada que pone en evidencia la errónea vigésima movida negra y que
puede que haya obviado Paco. Ventaja casi decisiva de Topalov.} Bd7 ({No
arregla nada} 22... Bc6 23. cxd5 Rxd5 24. Bc4 $1 Rxd4 25. Nxd4 {con todo tipo
de dolorosisimas amenazas}) 23. Rxd5 Rxd5 24. cxd5 Qxd5 {La exposicion del rey
negro y la descoordinación de sus fuerzas hace preveer un rápido y fatal
desenlace a favor de las blancas} 25. Qg3 $1 {Lo más enérgico, privando de
oxigeno al monarca negro y amenazando todo. La ventaja blanca es decisiva.} g6
{Por si fuera poco Vallejo dispone de 7 min por 20 min de Topalov} (25... Bf5
26. Bxf5 Qxf5+ 27. Ka1 {encontrandose el rey negro algo desnudo}) 26. Nc3 {
Lo mejor} (26. Nf4 Qd4 {La ventaja del caballo blanco en "c3" es que apoya un
Td1 letal}) 26... Qd4 27. Rd1 Qc5 28. Qf4 ({Con} 28. Qf3 Qc6 29. Ne4 {se
provocaba el desplome de la posición negra}) 28... Qe7 (28... Nd5 29. Qg5+ Ne7
30. Qf6 {era un horror}) 29. Rf1 {Uno de los caminos hacia la victoria} (29.
Qd4) 29... Nh5 30. Qd4 Rb8 31. Nd5 Qd6 32. Re1 Be6 33. Nf4 {Abandonan. Mala
partida de Vallejo que deja abierto el match para la última jornada.} 1-0